| 000 | 01219nam a2200277 u 4500 | ||
|---|---|---|---|
| 001 | 000482191 | ||
| 003 | AM-YeHGA | ||
| 005 | 20250617134144.0 | ||
| 008 | 060329s2005 ||||||||||||||||||||rus d | ||
| 020 | _a5948360571 | ||
| 020 | _a0750650958 (англ.) | ||
| 040 | _aAM-YeHGA | ||
| 041 | 1 |
_arus _heng |
|
| 100 | 1 | _aКрекрафт, Д. | |
| 245 | 1 | 0 |
_aАналоговая электроника : _bСхемы, системы, обработка сигнала / _cД. Крекрафт, С. Джерджли ; Пер. с англ. А.А. Кузьмичевой, А.А. Лапина. |
| 260 |
_aМосква : _bТехносфера, _c2005. |
||
| 300 |
_a360 с. : _bил. |
||
| 440 | 0 | _aМир электроники | |
| 504 | _aСписок лит. с. 358-360 | ||
| 534 |
_pОригинал на англ. : _tAnalog Electronics ; Circuits, Systems and Signal Processing / _aD. I. Crecraft, S. Gergely - _cOxford : Butterworth Heinemann : 2002 |
||
| 650 | 1 | 4 | _aРадиоэлектронная аппаратура. Схемы |
| 700 | 1 | _aДжерджли, С. | |
| 700 | 1 |
_aЛапин, А.А. _eпер. _4trl _eред. _4edt |
|
| 700 | 1 |
_aКузьмичева, А.А. _eпер. _4trl |
|
| 090 | _c178609 | ||
| 999 |
_c177165 _d177165 |
||